| 000 | 01038nas a2200349 4500 | ||
|---|---|---|---|
| 001 | BR0102071 | ||
| 003 | BR-BrBNA | ||
| 005 | 20231205102225.0 | ||
| 007 | ta | ||
| 008 | 230509b bl.|||p| |||| 00| 00por d | ||
| 040 |
_aBR-BrBNA _bpor _cBiblioteca Nacional de Agricultura |
||
| 041 | _a(Pt) | ||
| 072 | _aF01; J11 | ||
| 100 | 1 | _aRombaldi, C.V. | |
| 100 | 1 | _aSilva, J.A. | |
| 100 | 1 | _aMachado, L.B. | |
| 100 | 1 | _aParussolo, A. | |
| 100 | 1 | _aKaster, L.C. | |
| 100 | 1 | _aGirardi, C.L. | |
| 100 | 1 | _aDanieli, R. | |
| 245 | 1 | _aPonto de colheita e periodo de armazenamento refrigerado na qualidade de pessegos (Prunus persica, L.)de mesa, cv. Chiripa | |
| 650 | _aPessego | ||
| 650 | _aColheita | ||
| 650 | _aArmazenamento de Alimento | ||
| 650 | _aMaturacao | ||
| 650 | _aRefrigeracao | ||
| 650 | _aDisturbio Fisiologico | ||
| 650 | _aQualidade | ||
| 773 | 0 |
_tCiencia Rural (Brazil) _xISSN 0103-8478 _g(Jan-Feb 2001), v. 31(1) p. 19-25 _wBR0102071 |
|
| 909 |
_a202311 _bLúcia _c55 _dLúcia Elande |
||
| 942 |
_2AGRIS _n0 _cANA |
||
| 999 |
_c166399 _d166399 |
||